Fictional Cities by Clue - Statistics

General Stats
  • This quiz has been taken 23 times
  • The average score is 5 of 14
Answer Stats
Dica Answer % Correct
Batman Gotham City
91%
Sponge Bob Bikini Bottom
65%
Family Guy Quahog
61%
The Flintstones Bed Rock
57%
Futurama New New York
39%
GTA V Los Santos
30%
Resident Evil Raccoon City
26%
Stranger Things Hawkins
22%
Cars (Disney) Radiator Springs
22%
Many Paranormal Events, Twin Brothers, Animated Series Gravity Falls
17%
Big Hero San Fransokyo
17%
Gilmore Girls Stars Hollow
17%
The Amazing World of Gumball Elmore
9%
That '70s Show Point Place
4%
No matching quizzes found
Score Distribution
Percent of People with Each Score
Percentile by Number Answered
Your Score History
You have not taken this quiz